00615nam a2200205Ia 4500003000400000005001700004008004100021020001900062040000700081041000800088082001300096100002500109245006500134260002000199300000900219650002000228942001300248999001900261952012900280OSt20251119104845.0250729s1995 xx 000 0 und d a978-9383737871 cAL aeng a954 VIYF aViyogi Naval9224591 a Founders of indus valley civilization & their later history aNew Delhic1995 a366p aHistory9224592 2ddccBED c236485d236485 00104070aALbALd2025-07-29eManagement Booksg300.00l0o954 VIYFpBED01804r2025-07-29 16:54:52v300.00w2025-07-29yBK